| 000 | | | 05501nac2a22003733x 450 |
| 001 | | | 29886b5a-b754-4eb7-b8eb-4783614c5a91 |
| 005 | | | 20240723123545.0 |
| 100 | ## | $a | 20240716l18801888k y0rusy50 ca |
| 101 | 0# | $a | rus |
| | $a | fre |
| | $a | ger |
| 102 | ## | $a | RU |
| 105 | ## | $a | y z ||||| |
| 122 | 2# | $a | d18801231 |
| | $a | d18881231 |
| 200 | 1# | $a | Разных лиц с неразборчивыми подписями и без подписей |
| | $j | 1880 - 1888 |
| 215 | ## | $a | 28 листов |
| | $d | 31 х 24,6 |
| 251 | ## | $c | Дело |
| 300 | ## | $a | Заголовок дела на папке: Письма разных лиц с неразобранными фамилиями и без подписей к Лорис-Меликову, Михаилу Тариэловичу |
| 300 | ## | $a | Лист: 5 - вензель |
| 300 | ## | $a | Часть текста на французском и немецком языках |
| 300 | ## | $a | В деле имеются телеграммы |
| 300 | ## | $a | Часть текста машинописная и рукописная, часть - напечатана типографским способом |
| 325 | ## | $a | Замикрофильмировано |
| 330 | ## | $a | Входит в раздел описи: Письма разных лиц к Лорис-Меликову |
| 461 | #0 | $1 | 001cda3d175-ae4a-411a-8dea-9cc20fb178f6 |
| | $1 | 2001 |
| | $a | Лорис-Меликов Михаил Тариелович, граф, министр внутренних дел, главный начальник "верховной распорядительной комиссии по охранению государственного порядка и общественного спокойствия", генерал от кавалерии |
| | $1 | 251 |
| | $c | Фонд |
| | $1 | 852 |
| | $j | 569 |
| 462 | #0 | $1 | 001163e060a-d7cc-404d-90ee-e28c9801971b |
| | $1 | 2001 |
| | $a | Опись дел фонда М. Т. Лорис-Меликова за 1858-1915 гг. |
| | $v | Д. 255 |
| | $1 | 251 |
| | $c | Опись |
| | $1 | 852 |
| | $j | 1 |
| 517 | 1# | $a | Письма разных лиц с неразобранными фамилиями и без подписей к Лорис-Меликову, Михаилу Тариэловичу |
| 600 | #1 | $a | Лорис-Меликов |
| | $b | М. Т. |
| | $g | Михаил Тариелович |
| 605 | ## | $3 | DITM\AF\0000002775 |
| | $a | Власть |
| | $l | коллекция |
| | $2 | acquisition_prlib |
| 610 | 1# | $a | Письма |
| 686 | ## | $a | 63.3(2)535-332ю1 |
| | $c | История |
| | $2 | rubbk |
| 686 | ## | $a | 67.400.6ю1 |
| | $c | Право |
| | $2 | rubbk |
| 702 | #1 | $a | Лорис-Меликов |
| | $b | М. Т. |
| | $g | Михаил Тариелович |
| | $4 | 660 |
| 801 | #0 | $a | RU |
| | $b | GA_RF |
| 801 | #1 | $a | RU |
| | $b | ГлавНИВЦ |
| | $c | 20240716 |
| | $2 | rusmarc |
| 801 | #2 | $a | RU |
| | $b | ПБ им. Б.Н. Ельцина |
| | $c | 20240723 |
| | $g | RCR |
| | $2 | rusmarc |
| 852 | ## | $a | ГА РФ |
| | $j | 255 |
| 937 | ## | $d | 193075227 |
| | $h | ГАРФ |
| 035 | ## | $a | RuPRLIB51076707 |
| 856 | ## | $u | http://readingroom.main.prlib.ru/item.aspx?id_node=n193075227&mode=full |